00793 2200217 4500001002100000005001500021035002000036007000300056008004100059020001800100082001100118084001700129100001800146245006900164250001000233260003600243300003200279700001900311520022900330990001600559INLIS00000000000005920260423111512 a0010-0426000059ta260423 b d ind  a9789790660472 a153.42 a153.42 RAM a0 aRamya Sukardi1 aAlbum Foto Misterius :bKecil-Kecil Punya Karya /cRamya Sukardi aCet.1 aBandung :bMizan Pustaka,c2009 a128 hlm. :bIlus. ;c21 cm.0 aDadan Ramadhan aCerita anak tentang penemuan sebuah album foto yang menyimpan misteri. Tokoh utama berusaha mengungkap rahasia di balik foto-foto tersebut dan belajar tentang keberanian, rasa ingin tahu, serta pentingnya memahami kebenaran. a00000000067